000 00487cam a2200145 4500500
005 20260426020150.0
041 _afre
042 _adc
100 1 0 _aFabre, Nicole
_eauthor
245 0 0 _aOuvrages d'un intérêt psychanalytique général
260 _c2005.
500 _a5
786 0 _nImaginaire & Inconscient | 16 | 2 | 2005-11-01 | p. 225-226 | 1628-9676
856 4 1 _uhttps://shs.cairn.info/revue-imaginaire-et-inconscient-2005-2-page-225?lang=fr&redirect-ssocas=7080
999 _c2225445
_d2225445